Villes américaines avec le plus de français - Statistiques

Statistiques générales
  • Ce quiz a été pris 207 fois
  • Le résultat moyen est 7 sur 10
Statistiques - réponses
Nb de français Ville % Correct
30340 New York
99%
21939 Los Angeles
95%
10431 Miami
86%
9481 Chicago
78%
13996 Washington
78%
25318 San Francisco
74%
8019 Boston
72%
9540 Houston
51%
6555 Atlanta
45%
914 Nouvelle Orleans
33%
Aucun quiz correspondant
Distribution des résultats
% des personnes avec chaque résultat
Percentile par nombre de réponses
Votre historique - résultats
Vous n’avez pas pris ce quiz